| 000 | 01940nam a2200325 a 4500 | ||
|---|---|---|---|
| 001 | BRCA_2471 | ||
| 005 | 20190320203826.0 | ||
| 008 | 201108s1833----mx-a---###---#000-0#spa-u | ||
| 041 | _aspa | ||
| 044 | _amx | ||
| 084 |
_a110 _b.A74 1833 |
||
| 100 | 1 |
_aCervantes Saavedra, Miguel de _d1547-1616 _9213 |
|
| 245 | 1 | 0 |
_aEl Ingenioso Hidalgo Don Quijote de la Mancha _ccompuesto por Miguel de Cervantes Saavedra. |
| 260 |
_aMexico _bMariano Arévalo _c1833 |
||
| 300 |
_a5 v. _bil. _c16 cm. |
||
| 500 | _aContenido : v 1. Primera parte. Retrato de Cervantes. Análisis del Quijote por V. de los Ríos. Dedicatoria del autor. Prólogo del autor. Versos preliminares. Texto. -- v 2. Texto. -- v 3. Texto. Segunda parte. Dedicatoria del autor. Prólogo del autor. Texto. -- v 4. Texto. -- v 5. Texto | ||
| 500 | _aEdición : Primera edición mejicana conforme a la Real Academia, hecha en Madrid en 1782. Además del análisis de dicha Academia, se han añadido las notas críticas y curiosas del señor Pellicer y con hermosas láminas | ||
| 500 | _aComo lo índica el título se trata de la primera edición mejicana, copia de la Academia Española de 1782. Contiene, además, el Análisis de V. de los Ríos, las Notas de Pellicer, e ilustraciones de la mencionada edición académica. Edición impresa en buen papel y tipo de letra. Lomos y tapas con adornos dorados Lúdovik Osterc | ||
| 500 | _aCon ex-libris de : Jesús Río | ||
| 500 | _aQM92 | ||
| 650 | 1 | 4 |
_aNovela española _yÉpoca clásica, 1500-1700 _9215 |
| 650 | 1 | 4 |
_aLiteratura española _yÉpoca clásica, 1500-1700 _9216 |
| 650 | 1 | 4 |
_aNovela española _ySiglo XVII _9217 |
| 650 | 1 | 4 |
_aDon Quijote (Personaje ficticio) _eNovela _9218 |
| 700 | 1 |
_aRíos, Vicente de los _d1732-1779 _eBiógrafo _97166 |
|
| 700 | 1 |
_aPellicer y Pilares, Juan Antonio _d1738-1806 _eBiógrafo _97167 |
|
| 740 | 0 | _aEl Ingenioso Hidalgo Don Quijote de la Mancha | |
| 902 | _aQFM | ||
| 942 |
_2lcc _cB |
||
| 999 |
_c2212 _d2212 |
||